<?xml version="1.0" encoding="UTF-8"?>
<collection xmlns:xsi="http://www.w3.org/2001/XMLSchema-instance" xsi:schemaLocation="http://www.loc.gov/MARC21/slim http://www.loc.gov/standards/marcxml/schema/MARC21slim.xsd" xmlns="http://www.loc.gov/MARC21/slim">
 <record>
  <leader>00000nam a22000004a 4500</leader>
  <controlfield tag="001">UP-8027390931316595325</controlfield>
  <controlfield tag="003">Buklod</controlfield>
  <controlfield tag="005">20251126133213.0</controlfield>
  <controlfield tag="006">a     r    |||| u|</controlfield>
  <controlfield tag="007">ta</controlfield>
  <controlfield tag="008">251118s2006    xxu     r    |||| u|eng d</controlfield>
  <datafield tag="020" ind1=" " ind2=" ">
   <subfield code="a">1840727918</subfield>
  </datafield>
  <datafield tag="040" ind1="0" ind2=" ">
   <subfield code="a">DCHE</subfield>
   <subfield code="e">rda</subfield>
  </datafield>
  <datafield tag="041" ind1="0" ind2=" ">
   <subfield code="a">eng</subfield>
  </datafield>
  <datafield tag="090" ind1="0" ind2="0">
   <subfield code="a">TX 723.5 S7</subfield>
   <subfield code="b">L83 2006</subfield>
  </datafield>
  <datafield tag="100" ind1="1" ind2=" ">
   <subfield code="a">Luard, Elisabeth</subfield>
   <subfield code="e">author.</subfield>
  </datafield>
  <datafield tag="245" ind1="0" ind2="0">
   <subfield code="a">Classic Spanish cooking</subfield>
   <subfield code="b">recipes for mastering the Spanish kitchen</subfield>
   <subfield code="c">Elisabeth Luard.</subfield>
  </datafield>
  <datafield tag="264" ind1=" " ind2="0">
   <subfield code="a">London</subfield>
   <subfield code="b">MQ Publications Limited</subfield>
   <subfield code="c">[2006].</subfield>
  </datafield>
  <datafield tag="300" ind1=" " ind2=" ">
   <subfield code="a">332 pages </subfield>
   <subfield code="b">color illustrations</subfield>
   <subfield code="c">18 cm.</subfield>
  </datafield>
  <datafield tag="336" ind1=" " ind2=" ">
   <subfield code="a">text</subfield>
   <subfield code="2">rdacontent</subfield>
  </datafield>
  <datafield tag="337" ind1=" " ind2=" ">
   <subfield code="a">unmediated</subfield>
   <subfield code="2">rdamedia</subfield>
  </datafield>
  <datafield tag="338" ind1=" " ind2=" ">
   <subfield code="a">volume</subfield>
   <subfield code="2">rdacarrier</subfield>
  </datafield>
  <datafield tag="520" ind1="0" ind2=" ">
   <subfield code="a">106 diverse recipes come together in this collection of classic Spanish recipes for novice and expert cooks alike. Using only the freshest ingredients, the author explores the techniques necessary for handling all kinds of traditional Spanish dishes. An extensive variety of tapas recipes encourages the reader to experiment with typical Spanish produce. including cooking confidently with peppery chorizo, fresh seafood, and flavouring with saffron, garlic, and of course sherry? Spain's most famous wine. The simplicity with which an impressive banquet of tapas dishes can be prepared is outstanding, and the step-by-step recipes are easy to follow, yet give fantastic results. Learn how to cook a distinctive and perfect paella, delicious gazpacho, or hearty and traditional fish and meat stews without the fuss that so often surrounds Mediterranean cooking. The author has lovingly pieced together recipes from every region of Spain to give an insightful and enticing overview of the country</subfield>
  </datafield>
  <datafield tag="591" ind1=" " ind2=" ">
   <subfield code="a">HE-4834G, Donated by Prof. Ruben F. Balane, College of Law, UP Diliman.</subfield>
  </datafield>
  <datafield tag="650" ind1=" " ind2="0">
   <subfield code="a">Cooking, Spanish.</subfield>
  </datafield>
  <datafield tag="650" ind1=" " ind2="0">
   <subfield code="a">Cookbooks</subfield>
   <subfield code="z">Spain.</subfield>
  </datafield>
  <datafield tag="905" ind1=" " ind2=" ">
   <subfield code="a">FO</subfield>
  </datafield>
  <datafield tag="852" ind1="0" ind2=" ">
   <subfield code="a">UPD</subfield>
   <subfield code="b">DCHE</subfield>
   <subfield code="h">TX 723.5 S7</subfield>
   <subfield code="i">L83 2006</subfield>
  </datafield>
  <datafield tag="942" ind1=" " ind2=" ">
   <subfield code="a">Book</subfield>
  </datafield>
 </record>
</collection>
